Statistics for FIFA Women's World Cup - Top 4

Click here to take the quiz!

General Stats

  • This quiz has been taken 27 times
  • The average score is 9 of 10

Answer Stats

Answer% Correct
Japan
100%
United States
100%
Germany
92%
Sweden
92%
Brazil
88%
Canada
88%
China
88%
France
88%
England
79%
Norway
79%

Score Distribution

Percentile by Number Answered

Percent of People with Each Score

Your Score History

You have not taken this quiz